Statistics for Photo Quiz: Famous British Poets

Click here to take the quiz!

General Stats

  • This quiz has been taken 55 times
    (41 since last reset)
  • The average score is 6 of 16

Answer Stats

Answer% Correct
Wilfred Owen
66%
Spike Milligan
59%
Pam Ayres
50%
Philip Larkin
47%
Ted Hughes
47%
Dylan Thomas
44%
John Cooper Clarke
44%
Rudyard Kipling
44%
Alfred, Lord Tennyson
41%
John Betjeman
38%
Simon Armitage
34%
Roger McGough
25%
Stevie Smith
16%
Ian McMillan
6%
Kae (Kate) Tempest
3%
Linton Kwesi Johnson
3%

Score Distribution

Percentile by Number Answered

Percent of People with Each Score

Your Score History

You have not taken this quiz since the last reset